Credit labour interlinkage revisited (Record no. 114287)

000 -LEADER
fixed length control field 00433pab a2200169 454500
008 - FIXED-LENGTH DATA ELEMENTS--GENERAL INFORMATION
fixed length control field 180718b2015 xxu||||| |||| 00| 0 eng d
100 ## - MAIN ENTRY--PERSONAL NAME
Personal name Banerjee (Chaterjee), Tanmoyee
245 ## - TITLE STATEMENT
Title Credit labour interlinkage revisited
260 ## - PUBLICATION, DISTRIBUTION, ETC.
Date of publication, distribution, etc. 2015
300 ## - PHYSICAL DESCRIPTION
Extent p.131-167.
362 ## - DATES OF PUBLICATION AND/OR SEQUENTIAL DESIGNATION
Dates of publication and/or sequential designation Jan-Jun
650 ## - SUBJECT ADDED ENTRY--TOPICAL TERM
Topical term or geographic name entry element Labour
700 ## - ADDED ENTRY--PERSONAL NAME
Personal name Ghosh, Chandralekha
700 ## - ADDED ENTRY--PERSONAL NAME
Personal name Roy, Malabika
773 ## - HOST ITEM ENTRY
Main entry heading Indian Economic Review
909 ## -
-- 114293
Holdings
Withdrawn status Lost status Damaged status Not for loan Permanent Location Current Location Date acquired Serial Enumeration / chronology Barcode Date last seen Price effective from Koha item type
        Indian Institute of Public Administration Indian Institute of Public Administration 2018-07-19 Volume no: 50, Issue no: 1 AR114753 2018-07-19 2018-07-19 Articles

Powered by Koha